MDQL
is popping MORE tags! Check the
thread
!
Quizzes
Events
Quiz Creation
Community
Videos
Private Events
Remove Ads
Sign In
Join for FREE
Feedback
Dark Mode
Quiz Categories
Sports
Geography
Music
Movies
Television
Just For Fun
Miscellaneous
History
Literature
Language
Science
Gaming
Entertainment
Religion
Holiday
For Kids
Quiz Lab
Recent
Popular Today
Quiz Kudos Today
Editor Picks
Curator Picks
Quizzes by...
Day
Popularity
Type
Ratings
Length
Year
Community
Subscriptions
Recent Discussions
Orange Saloon
Badges
Playlists
Quests
Create
Leaderboards
Showdown
Live 5
Trivia Bingo
Activity
Puzzle Library
Sporcle Events
Private Events
Virtual Trivia
Globe League
Become a Host
Pub Owners
SporcleCon
Opinionation
Our Games
Videos
Blog
Mobile Apps
Partnerships
Remove Ads and Go Orange
Feedback
Sports
Athletes
MLB
NBA
NHL
NFL
Soccer
Sports Teams
WWE
NCAA
Football
Premier League
Basketball
Baseball
Hockey
Golf
Tennis
Cricket
Rugby
Auto Racing
Olympics
World Cup
Sports
Athletes
MLB
NBA
NHL
NFL
Soccer
Sports Teams
WWE
NCAA
Football
Premier League
Basketball
Baseball
Hockey
Golf
Tennis
Cricket
Rugby
Auto Racing
Olympics
World Cup
Random Quiz
Search Sporcle
×
Quiz Lab
Quiz Lab
Sports
NBA
Type in answers that appear in a list
Type in answers that appear in a list
Classic
Best Score? Go Orange.
LA Lakers Playoff Leaders Stats
Can you name the LA Lakers all-time playoff leaders?
By
flibbidy
5m
50 Questions
724 Plays
724 Plays
724 Plays
Comments
Comments
Give Quiz Kudos
Give Quiz Kudos
-
- Ratings
hide this ad
Replay
Link that replays current quiz
Next Quiz
Link to next quiz in quiz playlist
You Got
0%
They Got
Avg Score
83%
Avg Friend Score
Upgrade to see
Score Distribution
Jump to the score distribution portion of the page
Score
0/50
Timer
05:00
0
Plays Today
Hint
player
% Correct
Points
Kobe Bryant
100%
Rebounds
Kobe Bryant
100%
Assists
Kobe Bryant
100%
Steals
Kobe Bryant
100%
Blocks
Kobe Bryant
100%
Points
Magic Johnson
98.2%
Rebounds
Magic Johnson
98.2%
Assists
Magic Johnson
98.2%
Steals
Magic Johnson
98.2%
Points
Shaquille O'Neal
97.4%
Rebounds
Shaquille O'Neal
97.4%
Assists
Shaquille O'Neal
97.4%
Blocks
Shaquille O'Neal
97.4%
Points
Kareem Abdul-Jabbar
96.1%
Rebounds
Kareem Abdul-Jabbar
96.1%
Assists
Kareem Abdul-Jabbar
96.1%
Steals
Kareem Abdul-Jabbar
96.1%
Blocks
Kareem Abdul-Jabbar
96.1%
Points
Jerry West
95.4%
Rebounds
Jerry West
95.4%
Assists
Jerry West
95.4%
Rebounds
Wilt Chamberlain
92.1%
Points
James Worthy
90.2%
Assists
James Worthy
90.2%
Steals
James Worthy
90.2%
Hint
player
% Correct
Blocks
James Worthy
90.2%
Rebounds
Pau Gasol
89.5%
Blocks
Pau Gasol
89.5%
Points
Derek Fisher
88%
Assists
Derek Fisher
88%
Steals
Derek Fisher
88%
Points
Elgin Baylor
85.3%
Rebounds
Elgin Baylor
85.3%
Assists
Elgin Baylor
85.3%
Points
Byron Scott
71.8%
Steals
Byron Scott
71.8%
Points
George Mikan
69%
Blocks
Andrew Bynum
69%
Assists
Michael Cooper
67.2%
Steals
Michael Cooper
67.2%
Blocks
Michael Cooper
67.2%
Rebounds
AC Green
63.5%
Rebounds
Lamar Odom
61%
Blocks
Lamar Odom
61%
Steals
Robert Horry
58.9%
Blocks
Robert Horry
58.9%
Steals
Jamaal Wilkes
51%
Assists
Norm Nixon
49%
Steals
Norm Nixon
49%
Blocks
Elden Campbell
33.2%
Quiz Playlist
Details
Report
Send in Message
Add To Playlist
Classic:
Type in answers that appear in a list
Last Updated: Feb 16, 2017
Quiz Scoreboard
CHALLENGE
Sign Up to Join the Scoreboard
Show All
Scores
Hide
Comments
May contain spoilers
Recently Published
1-10 Letter E Words III
by El_Dandy
Language
2m
Street Fighter Characters
by Artimus82
Gaming
60s
College Basketball Coaching Resumes
by pancakes188
Sports
9m
More to Explore
Quiz From the Vault
Featured Blog Post
Where Did the Easter Bunny Come From?
hide this ad
You Might Also Like...
Tags
Basketball Quiz
NBA Quiz
Los Angeles Lakers
Today's Top Quizzes in Sports
Browse Sports
hide this ad
Today's Top Quizzes in NBA
Browse NBA
Top Contributed Quizzes in Sports
1
2022 World Cup Stars
2
Les meilleurs buteurs des matchs entre le PSG et l’OM
3
FIFA Club World Cup Champions
4
Les entraîneurs de l'OM et du PSG au 21e siècle
5
Criteria MLB: Left Handed Sluggers
6
2023 MLB Unique Player Accomplishments
7
AFC Teams Reveal (Wrong Answers Minefield)
8
Players with Multiple 50 Home Run Seasons
9
5-to-1: FBS Animal Nicknames
10
5-to-1: UK Sports Teams
Explore More
Trending Topics
NBA
Disney
Anime
Crossword
Kpop
Marvel
Harry Potter
Puzzle
Song
WWE
Soccer
The Office
Pokémon
Country
NFL
hide this ad
More By:
flibbidy
Quiz
Plays
Rating
Category
Featured
Created
Explain a Film Plot Badly
229,158
4.17
Movies
Feb 23, 2016
Millionaire: NBA Finals Edition
114,429
3.22
Sports
May 5, 2017
Explain a Film Plot Badly VI
109,270
4.32
Movies
Nov 25, 2016
Explain a Film Plot Badly V
94,269
3.88
Movies
Apr 7, 2016
NBA Finals Game Top Scorers (2000s)
88,676
4.72
Sports
Apr 9, 2017
Go to Creator's Profile
Score Distribution
Quiz Creator Spotlight
flibbidy
Follow
Send a Message
Quizzes Created
-
Created Quiz Play Count
-
More By This Creator
Popular Quizzes Today
1
Find the US States - No Outlines Minefield
2
Find the Countries of Europe - No Outlines Minefield
3
The Countries of the World
4
Find the US States
5
Risky Map Clicking: Biggest States A-Z
6
US States
7
Popular People in 1961
8
Movies - When Are They Set?
More Sports Quizzes
First XI: Wenger - Arsenal
Quiz Lab
Trending Quizzes
Risky Map Clicking: Least Populous States A-Z
Billboard Blitz: Aretha Franklin
Famous Russians: Author or Composer?
1-10 Letter G Words
Countries of the World: 200 Million BC
Recently Updated
Leaping Animals
pecheneg
Reality TV Shows (A-Z)
bhenderson79
Rickey Henderson's Hall of Fame Teammates
pecheneg
Champions League XIs: Arsenal
pecheneg
Quick Pick: Celebrities in WWE's Hall of Fame
aduchscher
A-Z Keypad Blitz II
pecheneg
Multiple Oscar Actors
pecheneg
Mystery Phrase Blitz: Oscar 'Best Actors'
pecheneg
F. Scott Fitzgerald Novels
LTH
Pick 3 Villains
ddd62291
Trending Topics
NBA
Kpop
Disney
Crossword
Marvel
Harry Potter
Anime
Soccer
Country
NFL
WWE
The Office
Puzzle
Song
Pokémon
Your Account Isn't Verified!
In order to create a playlist on Sporcle, you need to verify the email address you used during registration. Go to your
Sporcle Settings
to finish the process.
Report this User
Report this user for behavior that violates our
Community Guidelines
.
Details:
Send Report
Go to the Sporcle.com Mobile Site →
Comments